| 000 | 00523nam a2200181 a 4500 | ||
|---|---|---|---|
| 005 | 20210219151045.0 | ||
| 008 | 991125s1979 mx 000 0 spa u | ||
| 035 | _aUPN01000026558 | ||
| 049 | _aCG | ||
| 050 | 4 |
_aBF637 _bG7.3 1979 |
|
| 245 | 0 | 3 |
_aEl grupo de Luis Suárez / _c[Servicio Nacional ARMO]. |
| 250 | _a4a ed. | ||
| 260 |
_aMéxico : _bServicio Nacional ARMO, _c1979. |
||
| 300 | _a47 p. | ||
| 440 | 0 |
_aRelaciones humanas en las funciones del supervisor ; _v8 |
|
| 650 | 4 | _aPSICOLOGIA APLICADA | |
| 905 | _aLibro | ||
| 999 |
_c26558 _d26558 |
||